Sucesiones / (Registro nro. 3813)

000 -CABECERA
Longitud fija campo de control 00590nam a22001937a 4500
003 - IDENTIFICADOR DELl NÚMERO DE CONTROL
Identificador del número de control OSt
005 - FECHA Y HORA DE LA ÚLTIMA TRANSACCIÓN
Fecha y hora de la última transacción 20200729150218.0
008 - CÓDIGOS DE INFORMACIÓN DE LONGITUD FIJA
Códigos de información de longitud fija 030206s2002 ck 000 0 spa d
040 ## - FUENTE DE LA CATALOGACIÓN
Centro transcriptor OSt
082 04 - NÚMERO DE LA CLASIFICACIÓN DECIMAL DEWEY
Número de edición DEWEY 21
Número de clasificación Decimal CH 346.052
Número de documento (Cutter) C789
100 1# - PUNTO DE ACCESO PRINCIPAL-NOMBRE DE PERSONA
Nombre de persona Cruz López, Reinaldo
9 (RLIN) 641
245 00 - TÍTULO PROPIAMENTE DICHO
Título Sucesiones /
Mención de responsabilidad, etc. Reinaldo Cruz López
250 ## - MENCIÓN DE EDICIÓN
Mención de edición 5ª ed.
260 ## - PUBLICACIÓN, DISTRIBUCIÓN, ETC. (PIE DE IMPRENTA)
Lugar de publicación, distribución, etc. Tegucigalpa :
Nombre del editor, distribuidor, etc. Fuego nuevo ,
Fecha de publicación, distribución, etc. 2003.
300 ## - DESCRIPCIÓN FÍSICA
Extensión 214 p.
650 04 - PUNTO DE ACCESO ADICIONAL DE MATERIA - TÉRMINO DE MATERIA
Fuente del encabezamiento o término LEMB
Subdivisión de materia general DERECHO CIVIL- SUCESIONES
9 (RLIN) 663
856 ## - LOCALIZACIÓN Y ACCESO ELECTRÓNICO
Identificador Uniforme del Recurso (URI) https://drive.google.com/file/d/1lfy8nHKZl7xyGeQ-FmHL5LN_C0kLuRJ8/view?usp=sharing
942 ## - ENTRADA DE ELEMENTOS AGREGADOS (KOHA)
Fuente de clasificaión o esquema
Koha [por defecto] tipo de item Libro
Existencias
Código de barras Restricciones de uso Coste, precio normal de compra Renovaciones totales Localización permanente Fecha último préstamo Signatura completa Fecha última consulta Localización en estanterías No para préstamo Mostrar en OPAC Asignatura Fecha de Descarte Número de copia Localización actual Tipo de Descarte Forma de Material Fuente de clasificación o esquema Disponibilidad Fecha adquisición Préstamos totales
00583NULL175.00 Biblioteca Central  CH 346.052 C7892013-05-11Fondo GeneralNULLNULLUSAP2013-05-11Ej. 1Biblioteca Central NULLHondureña NULL2013-05-11 
00584 175.0022Biblioteca Central 2020-02-25CH 346.052 C7892020-02-27Fondo GeneralNULLNULLUSAP2013-06-28Ej. 2Biblioteca Central NULLHondureña NULL2013-06-2819
05768  16Biblioteca Central 2020-02-25CH 346.052 C7892020-02-29Fondo GeneralNULLNULLUSAP2013-09-12Ej. 3Biblioteca Central NULLHondureña NULL2013-09-1220
15971  6Biblioteca Central 2020-03-06CH 346.052 C7892020-03-10Fondo GeneralNULLNULLUSAP2018-08-14Ej. 4Biblioteca Central NULLHondureña NULL2018-08-145
20070   Biblioteca Central  CH 346.052 C7892023-11-24Fondo GeneralNULLNULLUSAP2023-11-24Ej. 5Biblioteca Central NULLColección General NULL2023-11-24 

Campus Universitario - Ave. Circunvalación - San Pedro Sula, Honduras, C.A. / Tel: +504 2561.8777 / Fax: +504 2561.8787 / Email: info@usap.edu
Todos los Derechos Reservados. © MMXIII Universidad de San Pedro Sula